Biggest Cities in Germany on a Map - Statistics

General Stats
  • This quiz has been taken 702 times
  • The average score is 14 of 15
Answers on the Map
Answers color-coded by a green-red scale on the quiz's map according to % correct below.
 
Answer Stats
Population City % Correct
3,669,491 Berlin
100%
1,847,253 Hamburg
99%
1,484,226 Munich
99%
763,380 Frankfurt
98%
1,087,863 Cologne
96%
621,877 Dusseldorf
93%
635,911 Stuttgart
93%
556,780 Dresden
91%
593,145 Leipzig
90%
567,559 Bremen
89%
536,925 Hanover
89%
518,370 Nuremberg
89%
588,250 Dortmund
86%
582,760 Essen
86%
498,686 Duisburg
65%
No matching quizzes found
Score Distribution
Percent of People with Each Score
Percentile by Number Answered
Your Score History
You have not taken this quiz